000
00240nam a2200097Ia 4500
008
190216s9999||||xx |||||||||||||| ||und||
100
_a
Nigam Lall B M&Amp; Sharma G L
245
0
_a
Advanced Cost Accounting
260
_b
Null
_c
1983
942
_c
BK
999
_c
4972
_d
4972